| 000 | 00775cam a2200265 a 4500 | ||
|---|---|---|---|
| 008 | |||
| 020 | _a9781849204026 (hbk.) | ||
| 049 | _aMAIN | ||
| 090 |
_aBF637.C6 _bNEL |
||
| 100 | 1 | _aNelson-Jones, Richard. | |
| 245 | 1 | 0 |
_aTheory and practice of counselling and therapy / _cRichard Nelson-Jones. |
| 250 | _a5th ed. | ||
| 260 |
_aLos Angeles : _bSAGE, _c2006. |
||
| 300 |
_aix, 502 p. : _bill. ; _c25 cm. |
||
| 504 | _aIncludes bibliographical references. | ||
| 500 | _aIncludes index. | ||
| 650 | 0 | _aCounseling. | |
| 650 | 0 | _aPsychotherapy. | |
| 650 | 0 | _aPsychoanalytic counseling. | |
| 907 |
_a.b1038263x _b26-09-17 _c18-09-17 |
||
| 003 | |||
| 005 | 20230123122255.0 | ||
| 040 | _cNUST | ||
| 942 |
_cBOOKS _kBF637.C6 _mNEL |
||
| 999 |
_c130816 _d130816 |
||